[Event "Mechanics' Spring TNM; 30/90, SD/30"]
[Site "San Francisco"]
[Date "2010.03.30"]
[Round "3.3"]
[White "Rosenthal, Ed"]
[Black "Shakhnazarov, Oleg"]
[Result "1-0"]
[WhiteElo "2103"]
[BlackElo "2208"]
[PlyCount "117"]
[EventDate "2010.??.??"]

1. e4 e5 2. Nf3 Nc6 3. Bb5 a6 4. Ba4 Nf6 5. d3 b5 6. Bb3 Be7 7. c3 d6 8. Nbd2
Na5 9. Bc2 c5 10. Nf1 h6 11. h3 g5 12. d4 Qc7 13. d5 Nc4 14. a4 b4 15. Qe2 Nb6
16. a5 Nbd7 17. Ne3 b3 18. Bd3 Nf8 19. Nc4 N6d7 20. Ra3 Rb8 21. Nfd2 Ng6 22. g3
h5 23. Qd1 h4 24. Rxb3 hxg3 25. fxg3 Nf6 26. Rxb8 Qxb8 27. Bf1 Nh5 28. Qf3 Nf6
29. Nb6 g4 30. hxg4 Rxh1 31. Qxh1 Bxg4 32. Bxa6 Nh5 33. Nf1 Kd8 34. Be2 Bxe2
35. Kxe2 Nf6 36. Qh3 Qb7 37. Qf5 Nxe4 38. Qxe4 Qa6+ 39. Qc4 Qxa5 40. Na4 f5 41.
Nd2 e4 42. Nb3 Qa7 43. Bf4 Bf6 44. Bxd6 Qh7 45. Nbxc5 Qh5+ 46. Kd2 e3+ 47. Kxe3
Bg5+ 48. Bf4 Bxf4+ 49. gxf4 Qh3+ 50. Kd2 Qh2+ 51. Kc1 Nxf4 52. Ne6+ Nxe6 53.
dxe6 Ke7 54. Nc5 f4 55. Ne4 f3 56. Qd5 Qh6+ 57. Kc2 Qh2+ 58. Kb3 Qb8+ 59. Kc4
1-0

[Event "Mechanics' Spring TNM; 30/90, SD/30"]
[Site "San Francisco"]
[Date "2010.04.06"]
[Round "4.1"]
[White "Rosenthal, Ed"]
[Black "Zavadsky, Peter"]
[Result "0-1"]
[WhiteElo "2103"]
[BlackElo "2258"]
[PlyCount "98"]
[EventDate "2010.??.??"]

1. e4 c6 2. d4 d5 3. Nc3 dxe4 4. Nxe4 Nd7 5. Nf3 Ngf6 6. Nxf6+ Nxf6 7. Be2 Bg4
8. c3 e6 9. h3 Bh5 10. Qb3 Qc8 11. Bf4 Be7 12. Be5 O-O 13. O-O c5 14. Rac1 Rd8
15. Qc4 Nd7 16. Bf4 Nb6 17. Qb3 c4 18. Qd1 Nd5 19. Qd2 b5 20. g4 Bg6 21. Bg3
Nf6 22. Ne5 Ne4 23. Qe3 Nxg3 24. Qxg3 Bd6 25. Qe3 Bxe5 26. Qxe5 Qc6 27. Rfe1
Rac8 28. Bf1 Qb6 29. Bg2 b4 30. Be4 a5 31. Bxg6 hxg6 32. Rb1 Rd5 33. Qg3 Rb8
34. Rbd1 Rbd8 35. Qf3 bxc3 36. bxc3 Qb2 37. Re2 Qa3 38. Kg2 Rb8 39. Rde1 Rb2
40. Rxb2 Qxb2 41. a4 Qa3 42. Re5 Rxe5 43. dxe5 Qxa4 44. Qa8+ Kh7 45. Qd8 Qc6+
46. f3 Qd5 47. Qd6 a4 48. Qb4 Qxe5 49. Qxc4 a3 0-1

[Event "Mechanics' Spring TNM; 30/90, SD/30"]
[Site "San Francisco"]
[Date "2010.03.23"]
[Round "2.23"]
[White "Salvo, Tab"]
[Black "Capdeville, Barry"]
[Result "1-0"]
[WhiteElo "1692"]
[BlackElo "1146"]
[PlyCount "46"]
[EventDate "2010.??.??"]

1. Nf3 Nf6 2. c4 c5 3. g3 Nc6 4. Nc3 e6 5. e4 d6 6. Bg2 Be7 7. O-O O-O 8. d3 b6
9. e5 Nd7 10. exd6 Bxd6 11. Nb5 Nf6 12. Ne5 Bxe5 13. Bxc6 Rb8 14. Nxa7 Bb7 15.
Qc2 Qd6 16. Bxb7 Rxb7 17. Nb5 Qd7 18. Qe2 Bb8 19. Be3 e5 20. h3 Qxh3 21. Qf3
Qd7 22. Rfd1 Qe6 23. Qxb7 Qe7 1-0

[Event "Mechanics' Spring TNM; 30/90, SD/30"]
[Site "San Francisco"]
[Date "2010.04.06"]
[Round "4.11"]
[White "Salvo, Tab"]
[Black "Sanguinetti, George"]
[Result "0-1"]
[WhiteElo "1692"]
[BlackElo "1956"]
[PlyCount "98"]
[EventDate "2010.??.??"]

1. Nf3 g6 2. c4 Bg7 3. Nc3 f5 4. g3 Nh6 5. d4 Nf7 6. Bg2 O-O 7. e3 c6 8. O-O d6
9. Ne2 e5 10. Qc2 e4 11. Nd2 Nd7 12. b3 Nf6 13. h3 Bd7 14. Bb2 d5 15. c5 g5 16.
Bc3 Nh8 17. Rfb1 Ng6 18. Nf1 Bh6 19. Bd2 Rf7 20. a4 Qc7 21. Qd1 Raf8 22. b4 f4
23. exf4 gxf4 24. gxf4 Bxf4 25. Nxf4 Nxf4 26. Bxf4 Qxf4 27. Qd2 Nh5 28. Ra2 Rg7
29. Rb3 Qf6 30. Kh2 Nf4 31. Rg3 Rxg3 32. fxg3 Nxg2 33. Qxg2 Qxf1 34. Qxf1 Rxf1
35. Rb2 Ra1 36. a5 Rd1 37. g4 Rxd4 38. Kg2 Kg7 39. Kg3 Rd3+ 40. Kg2 Kg6 41. Rf2
Rb3 42. Rf8 Rxb4 43. Rd8 Be6 44. Kg3 Rb3+ 45. Kg2 Rb5 46. Rd6 Kf6 47. h4 Rxc5
48. h5 Ke5 49. g5 Kxd6 0-1

[Event "Mechanics' Spring TNM; 30/90, SD/30"]
[Site "San Francisco"]
[Date "2010.03.16"]
[Round "1.16"]
[White "Sanguinetti, George"]
[Black "Olson, David"]
[Result "1-0"]
[WhiteElo "1956"]
[BlackElo "1471"]
[PlyCount "29"]
[EventDate "2010.??.??"]

1. e4 e5 2. f4 exf4 3. Bc4 Qh4+ 4. Kf1 Bc5 5. d4 Bb6 6. Nf3 Qe7 7. Nc3 c6 8.
Bxf4 Nf6 9. e5 Ng4 10. Ng5 Nh6 11. Nce4 O-O 12. Qd3 g6 13. Nxh7 Kxh7 14. Qh3 f5
15. Qxh6# 1-0

[Event "Mechanics' Spring TNM; 30/90, SD/30"]
[Site "San Francisco"]
[Date "2010.05.04"]
[Round "8.7"]
[White "Sanguinetti, George"]
[Black "Palmeri, Ralph"]
[Result "1-0"]
[WhiteElo "1956"]
[BlackElo "1718"]
[PlyCount "111"]
[EventDate "2010.??.??"]

1. e4 c5 2. Nf3 e6 3. d4 cxd4 4. Nxd4 Nf6 5. Nc3 d6 6. f4 Nc6 7. Nf3 Be7 8. Bc4
a6 9. a3 Qc7 10. Ba2 b5 11. O-O O-O 12. h3 Na5 13. Qd3 Rd8 14. Kh1 Bb7 15. Nd4
Qd7 16. g4 d5 17. e5 Ne4 18. Nce2 Rac8 19. c3 Nc4 20. Bb1 f6 21. exf6 gxf6 22.
b3 Ncd6 23. Be3 Rc7 24. Kh2 Rdc8 25. f5 exf5 26. Rxf5 Nxf5 27. Nxf5 Bf8 28. Bd4
Rc6 29. Ra2 Qc7+ 30. Kg2 Re6 31. Qf3 Qf7 32. b4 Rce8 33. h4 Nd6 34. Nfg3 Bh6
35. Nh5 Ne4 36. Bd3 Rf8 37. a4 bxa4 38. Rxa4 Qe8 39. Ra5 Qf7 40. Nef4 Rd6 41.
Ng3 Nxc3 42. Nf5 Qc7 43. Nxh6+ Kg7 44. Nf5+ Kg8 45. Nxd6 Qxd6 46. Nh5 Ne4 47.
Bc5 Nxc5 48. bxc5 Qe7 49. Kh3 d4 50. Qf5 Qe3+ 51. Ng3 Rf7 52. Bc4 Qd2 53. Ra2
Qe3 54. Re2 Qf3 55. Qxf3 Bxf3 56. Re7 1-0

[Event "Mechanics' Spring TNM; 30/90, SD/30"]
[Site "San Francisco"]
[Date "2010.03.30"]
[Round "3.12"]
[White "Sanguinetti, George"]
[Black "Sherwood, Peter"]
[Result "1-0"]
[WhiteElo "1956"]
[BlackElo "1697"]
[PlyCount "91"]
[EventDate "2010.??.??"]

1. e4 c5 2. Nf3 d6 3. d4 cxd4 4. Nxd4 Nf6 5. Nc3 a6 6. f4 e5 7. Nf3 Nbd7 8. a3
Qb6 9. Bc4 Be7 10. h3 Qc5 11. Qe2 exf4 12. Bxf4 Ne5 13. Bb3 O-O 14. O-O-O b5
15. g4 Bb7 16. Nd5 Nxd5 17. Bxd5 Bxd5 18. Rxd5 Qc4 19. Qxc4 Nxc4 20. c3 Rac8
21. Rhd1 Nxa3 22. Bxd6 Bxd6 23. Rxd6 a5 24. Ne5 Nc4 25. Nxc4 Rxc4 26. e5 Rc5
27. R1d5 Rxd5 28. Rxd5 Rb8 29. Kc2 Kf8 30. Kd3 Ke7 31. Kd4 Ke6 32. Rd6+ Ke7 33.
Kd5 a4 34. Kc5 h6 35. Rb6 Rxb6 36. Kxb6 b4 37. cxb4 Ke6 38. Kc7 Kd5 39. b5 Kc4
40. b6 Kb3 41. b7 Kxb2 42. b8=Q+ Ka2 43. Qg8 a3 44. Qxf7+ Ka1 45. Qf1+ Kb2 46.
e6 1-0

[Event "Mechanics' Spring TNM; 30/90, SD/30"]
[Site "San Francisco"]
[Date "2010.04.27"]
[Round "7.7"]
[White "Sanguinetti, George"]
[Black "Thornally, Frank"]
[Result "0-1"]
[WhiteElo "1956"]
[BlackElo "2208"]
[PlyCount "64"]
[EventDate "2010.??.??"]

1. e4 e5 2. f4 Bc5 3. Nf3 d6 4. Bc4 Nc6 5. c3 Nf6 6. d4 exd4 7. cxd4 Bb6 8. Nc3
Bg4 9. e5 Bxf3 10. gxf3 Nh5 11. Ne2 Qh4+ 12. Kd2 dxe5 13. Kc2 O-O-O 14. d5 Nf6
15. Nc3 Rhe8 16. a3 exf4 17. Bd2 Ne7 18. Bb5 Rf8 19. Rc1 Nexd5 20. Nxd5 Rxd5
21. Qe2 Qg5 22. Bc4 Re8 23. Qf1 Rd7 24. Bc3 Nd5 25. Kb1 Be3 26. Rc2 Red8 27.
Be2 Qf5 28. Qe1 Rd6 29. b4 Nxc3+ 30. Qxc3 Rc6 31. Bc4 Rd2 32. Rhc1 Rd4 0-1

[Event "Mechanics' Spring TNM; 30/90, SD/30"]
[Site "San Francisco"]
[Date "2010.04.13"]
[Round "5.4"]
[White "Sanguinetti, George"]
[Black "Traub, Igor"]
[Result "0-1"]
[WhiteElo "1956"]
[BlackElo "2104"]
[PlyCount "62"]
[EventDate "2010.??.??"]

1. e4 e6 2. d4 d5 3. Nc3 Bb4 4. e5 c5 5. a3 Bxc3+ 6. bxc3 Ne7 7. Qg4 Qc7 8.
Qxg7 Rg8 9. Qxh7 cxd4 10. Ne2 Nbc6 11. f4 Bd7 12. Rb1 dxc3 13. h4 d4 14. Rg1
O-O-O 15. Qd3 Nf5 16. h5 f6 17. exf6 e5 18. g4 Nh6 19. f5 Rxg4 20. Bxh6 e4 21.
Qh3 Rxg1 22. Nxg1 Ne5 23. Bg2 Nf7 24. Bg7 Qe5 25. Ne2 Ba4 26. Rc1 Bc6 27. Qg3
Qc5 28. Qf4 Re8 29. h6 d3 30. cxd3 exd3 31. Bxc6 Qg1+ 0-1

[Event "Mechanics' Spring TNM; 30/90, SD/30"]
[Site "San Francisco"]
[Date "2010.04.20"]
[Round "6.6"]
[White "Shakhnazarov, Oleg"]
[Black "Chen, Mingson"]
[Result "0-1"]
[WhiteElo "2208"]
[BlackElo "1923"]
[PlyCount "60"]
[EventDate "2010.??.??"]

1. d4 e6 2. Nf3 Nf6 3. Bf4 b6 4. e3 Bb7 5. Nbd2 c5 6. c3 Be7 7. Bd3 d5 8. h3
Nbd7 9. g4 h6 10. Rg1 Qc8 11. h4 g6 12. h5 g5 13. Bh2 Ba6 14. Bc2 Qc6 15. Ne5
Nxe5 16. Bxe5 O-O 17. f4 Ne4 18. Qb1 f6 19. Nxe4 dxe4 20. Bxe4 Qb5 21. Bf3 Rf7
22. Qc2 Rc8 23. O-O-O fxe5 24. Qg6+ Kf8 25. Qxh6+ Kg8 26. Qxe6 cxd4 27. exd4
Rxc3+ 28. Kb1 Rxf3 29. fxg5 Rf2 30. Qg6+ Kh8 0-1

[Event "Mechanics' Spring TNM; 30/90, SD/30"]
[Site "San Francisco"]
[Date "2010.03.23"]
[Round "2.3"]
[White "Shakhnazarov, Oleg"]
[Black "Sanguinetti, George"]
[Result "1-0"]
[WhiteElo "2208"]
[BlackElo "1956"]
[PlyCount "29"]
[EventDate "2010.??.??"]

1. d4 Nf6 2. Nf3 e6 3. Bf4 b6 4. Nbd2 Bb7 5. h3 Nh5 6. Bh2 g6 7. e4 Bg7 8. e5
Bh6 9. Rg1 Bf8 10. Bd3 d5 11. g4 Ng7 12. Bf4 c5 13. c3 Ba6 14. Bxa6 Nxa6 15.
Qa4+ 1-0

[Event "Mechanics' Spring TNM; 30/90, SD/30"]
[Site "San Francisco"]
[Date "2010.05.04"]
[Round "8.14"]
[White "Shakhnazarov, Oleg"]
[Black "Sherwood, Peter"]
[Result "1-0"]
[WhiteElo "2208"]
[BlackElo "1697"]
[PlyCount "83"]
[EventDate "2010.??.??"]

1. e4 c5 2. Nc3 Nc6 3. Nf3 d6 4. d4 cxd4 5. Nxd4 Nf6 6. Be2 e5 7. Nb3 Be7 8. g4
Nd7 9. Nd5 Bh4 10. g5 Ne7 11. Rg1 Nxd5 12. Qxd5 Nb6 13. Qa5 Be6 14. Be3 O-O 15.
O-O-O Qe7 16. Qb4 Rfd8 17. Kb1 Rac8 18. Na5 Qc7 19. c3 d5 20. Nb3 d4 21. Nxd4
exd4 22. Bxd4 Qd6 23. Qa5 Qc6 24. Qe5 Rxd4 25. Qxd4 Qa4 26. Qd8+ Qe8 27. Qxe8+
Rxe8 28. f4 Bf2 29. Rgf1 Bc5 30. Bb5 Rc8 31. f5 Bc4 32. Bxc4 Nxc4 33. Rfe1 Kf8
34. Rd7 Ne5 35. Rxb7 Bb6 36. Rd1 Ke8 37. Rd5 Nf3 38. Rdd7 Nxg5 39. h4 Nf3 40.
Re7+ Kf8 41. Rxf7+ Ke8 42. Rxg7 1-0

[Event "Mechanics' Spring TNM; 30/90, SD/30"]
[Site "San Francisco"]
[Date "2010.04.06"]
[Round "4.6"]
[White "Shakhnazarov, Oleg"]
[Black "Todortsev, Victor"]
[Result "0-1"]
[WhiteElo "2208"]
[BlackElo "1918"]
[PlyCount "84"]
[EventDate "2010.??.??"]

1. e4 e5 2. Nf3 Nc6 3. Bc4 Nf6 4. d3 Bb4+ 5. c3 Be7 6. Ng5 O-O 7. b4 d5 8. exd5
Nxd5 9. h4 Nf6 10. Qb3 Qe8 11. Nd2 Bf5 12. f3 Bg6 13. Nde4 Nxe4 14. dxe4 h5 15.
g4 a5 16. gxh5 Bxh5 17. b5 a4 18. Qc2 Na5 19. Be2 Bc5 20. Nh3 Qe7 21. Nf2 Rad8
22. Qxa4 b6 23. Nd1 Qd6 24. Ne3 Qg6 25. Kf2 f5 26. Rg1 Qh7 27. exf5 Rxf5 28.
Qe4 Rdf8 29. Qd5+ Kh8 30. Rg3 e4 31. Qd7 Bxf3 32. Ke1 R5f7 33. Qe6 Bxe2 34.
Kxe2 Rf2+ 35. Kd1 Bxe3 36. Bxe3 Qh5+ 37. Kc1 Rf1+ 38. Kb2 Qxb5+ 39. Kc2 R8f2+
40. Bd2 Nc4 41. Qc8+ Rf8 42. Qxf8+ Rxf8 0-1

[Event "Mechanics' Spring TNM; 30/90, SD/30"]
[Site "San Francisco"]
[Date "2010.04.06"]
[Round "4.19"]
[White "Sherwood, Peter"]
[Black "Allen, Tom"]
[Result "1-0"]
[WhiteElo "1697"]
[BlackElo "1547"]
[PlyCount "91"]
[EventDate "2010.??.??"]

1. e4 e5 2. Nf3 Nc6 3. Bb5 f5 4. Nc3 Nd4 5. exf5 c6 6. Ba4 Nf6 7. O-O Bc5 8.
Nxe5 O-O 9. d3 d6 10. Nf3 Bxf5 11. Be3 Nxf3+ 12. Qxf3 Bxe3 13. Qxe3 Ng4 14. Qg3
Qf6 15. h3 Ne5 16. Ne4 Bxe4 17. dxe4 Ng6 18. c3 Rae8 19. Bc2 Re5 20. Rad1 Nf4
21. Qh2 Rh5 22. f3 Qg5 23. Kf2 Qb5 24. Rd2 Rf6 25. Bb3+ Kh8 26. Rfd1 Qe5 27.
Kf1 Qb5+ 28. Ke1 Qe5 29. Qh1 Qg5 30. Qf1 Rhh6 31. Rf2 Rhg6 32. Rdd2 Qh4 33. Kd1
Qg5 34. Kc2 h5 35. Kb1 h4 36. Qc4 Rf8 37. Qb4 Qe7 38. Bc4 b5 39. Bf1 Qc7 40. e5
Nd5 41. Qxh4+ Rh6 42. exd6 Qxd6 43. Qd4 Qc7 44. Bxb5 Rf4 45. Qc5 cxb5 46. Qxd5
1-0

[Event "Mechanics' Spring TNM; 30/90, SD/30"]
[Site "San Francisco"]
[Date "2010.04.20"]
[Round "6.15"]
[White "Sherwood, Peter"]
[Black "Chernobilskiy, Mikhail"]
[Result "1-0"]
[WhiteElo "1697"]
[BlackElo "1858"]
[PlyCount "85"]
[EventDate "2010.??.??"]

1. e4 a6 2. Nf3 b5 3. d4 Bb7 4. Bd3 e6 5. O-O c5 6. c3 Qc7 7. Nbd2 d6 8. Re1
Nd7 9. Nf1 Be7 10. Bf4 Ngf6 11. Rc1 Nh5 12. Bd2 Nhf6 13. a4 c4 14. Bc2 h6 15.
Ng3 g5 16. h3 Nf8 17. e5 Nd5 18. Nh5 Rg8 19. Be4 g4 20. hxg4 Rxg4 21. Bxh6
O-O-O 22. Ng3 Ng6 23. axb5 axb5 24. b3 dxe5 25. Nxe5 Nxe5 26. dxe5 Rh4 27. Bd2
Qxe5 28. bxc4 Bc5 29. Bxd5 Qxg3 30. Bxb7+ Kc7 31. Qf3 Qh2+ 32. Kf1 Rxd2 33.
Qc6+ Kd8 34. Qc8+ Ke7 35. Qxc5+ Kf6 36. g3 Rh5 $138 37. Qe3 Ra2 38. Re2 Ra5 39.
Rd1 bxc4 40. Qd4+ Kg6 41. Be4+ f5 42. Bf3 Qh3+ 43. Bg2 1-0

[Event "Mechanics' Spring TNM; 30/90, SD/30"]
[Site "San Francisco"]
[Date "2010.04.27"]
[Round "7.10"]
[White "Sherwood, Peter"]
[Black "Krasnov, Steven"]
[Result "0-1"]
[WhiteElo "1697"]
[BlackElo "1944"]
[PlyCount "114"]
[EventDate "2010.??.??"]

1. e4 c5 2. Nf3 e6 3. d4 cxd4 4. Nxd4 Nc6 5. Nc3 Qc7 6. Be3 a6 7. Qd2 Nf6 8. f3
b5 9. O-O-O Bb7 10. g4 h6 11. h4 Rc8 12. Nxc6 Qxc6 13. Ne2 Bb4 14. c3 d5 15.
Kb1 Be7 16. Nd4 Qc7 17. e5 Nd7 18. f4 Nc5 19. Bg2 Bc6 20. Nxc6 Qxc6 21. Bxc5
Qxc5 22. Qd4 Kd7 23. g5 b4 24. Qxc5 Rxc5 25. cxb4 Rc4 26. f5 hxg5 27. hxg5 Rxh1
28. Bxh1 Bxg5 29. a3 Bf4 30. Re1 Rd4 31. Kc2 exf5 32. Kc3 Rc4+ 33. Kd3 Ke6 34.
b3 Rc1 35. Rxc1 Bxc1 36. a4 Bb2 37. b5 axb5 38. a5 Bxe5 39. a6 Bb8 40. Kc3 Kd6
41. Kb4 Kc6 42. Ka5 Ba7 43. Bf3 Bb6+ 44. Kb4 Bc5+ 45. Ka5 b4 46. Be2 g5 47.
Bb5+ Kc7 48. Be8 f6 49. Kb5 Kd6 50. Bg6 f4 51. Bf5 f3 52. a7 Bxa7 53. Kxb4 f2
54. Bd3 g4 55. Kc3 f5 56. Kd2 f4 57. Ke2 f3+ 0-1

[Event "Mechanics' Spring TNM; 30/90, SD/30"]
[Site "San Francisco"]
[Date "2010.03.16"]
[Round "1.7"]
[White "Sherwood, Peter"]
[Black "Traub, Igor"]
[Result "1-0"]
[WhiteElo "1697"]
[BlackElo "2104"]
[PlyCount "99"]
[EventDate "2010.??.??"]

1. e4 d5 2. exd5 Nf6 3. d4 Nxd5 4. Nf3 g6 5. Be2 Bg7 6. O-O O-O 7. Nc3 h6 8.
Nxd5 Qxd5 9. Be3 Nc6 10. c3 Kh7 11. Qd2 e5 12. dxe5 Qxd2 13. Bxd2 Nxe5 14. Nxe5
Bxe5 15. Rfe1 f5 16. Bf3 Bd6 17. c4 Bd7 18. Bc3 Bc6 19. Bxc6 bxc6 20. Re6 a5 {
draw offer} 21. Rae1 a4 22. a3 Rab8 23. Kf1 Rb3 24. Re7+ Bxe7 25. Rxe7+ Kg8 26.
Rg7+ Kh8 27. Rxg6+ Rxc3 28. bxc3 Rb8 29. Rxh6+ Kg7 30. Rxc6 Rb3 31. Rxc7+ Kf6
32. Ra7 Rxa3 33. Ke2 Ra2+ 34. Ke3 a3 35. f4 Ra1 36. Kd4 a2 37. Kc5 Kg6 38. Kc6
Kh5 39. c5 Kg4 40. Ra4 Rc1 41. Rxa2 Kxf4 42. Re2 Rxc3 43. Kd6 Rd3+ 44. Kc7 Rc3
45. c6 Rc1 46. Kd7 Rd1+ 47. Kc8 Rh1 48. c7 Rxh2 49. Kb7 Rh7 50. Kb8 1-0

[Event "Mechanics' Spring TNM; 30/90, SD/30"]
[Site "San Francisco"]
[Date "2010.03.23"]
[Round "2.13"]
[White "Shnaiderman, Lazar"]
[Black "Dembling, Arthur"]
[Result "1-0"]
[WhiteElo "1873"]
[BlackElo "1726"]
[PlyCount "75"]
[EventDate "2010.??.??"]

1. d4 Nf6 2. c4 e6 3. Nf3 b6 4. g3 Ba6 5. Qa4 Bb7 6. Bg2 c5 7. O-O Be7 8. Nc3
O-O 9. Bg5 d5 10. Bxf6 Bxf6 11. cxd5 exd5 12. dxc5 Bc6 13. Qc2 bxc5 14. Rad1
Na6 15. Ne4 Be7 16. Ne5 Nb4 17. Nxc6 Nxc2 18. Nxd8 Raxd8 19. Nc3 d4 20. Nd5 Bd6
21. Rd2 d3 22. Rxd3 Rfe8 23. e3 Rb8 24. b3 Red8 25. Rfd1 Kf8 26. R3d2 Na3 27.
Nc3 Ke7 28. Ne4 Nb5 29. a4 f5 30. axb5 fxe4 31. Bxe4 g6 32. Bc6 a6 33. bxa6 Rb6
34. Bb7 Rxb3 35. e4 c4 36. e5 Bc7 37. Rxd8 Bxd8 38. a7 1-0

[Event "Mechanics' Spring TNM; 30/90, SD/30"]
[Site "San Francisco"]
[Date "2010.03.30"]
[Round "3.6"]
[White "Shnaiderman, Lazar"]
[Black "Klinetobe, David"]
[Result "0-1"]
[WhiteElo "1873"]
[BlackElo "2017"]
[PlyCount "138"]
[EventDate "2010.??.??"]

1. d4 Nf6 2. c4 e6 3. Nf3 b6 4. g3 Ba6 5. Qa4 Bb7 6. Bg2 c5 7. dxc5 bxc5 8. O-O
Be7 9. Nc3 O-O 10. Rd1 Qb6 11. Qb5 Qc7 12. Bf4 d6 13. Qb3 a6 14. Rd2 Rd8 15.
Rad1 Nc6 16. Rxd6 Bxd6 17. Rxd6 Rxd6 18. Bxd6 Qxd6 19. Qxb7 Ra7 20. Qc8+ Nd8
21. Ng5 h6 22. Nge4 Nxe4 23. Bxe4 Qc7 24. Qxc7 Rxc7 25. Kg2 Nc6 26. f4 Kf8 27.
Kf2 Ke7 28. Bb1 Na5 29. Bd3 Nc6 30. Bb1 Nb8 31. Bd3 Nd7 32. Na4 Rb7 33. b3 Rc7
34. Nc3 Nf6 35. Kf3 Rc8 36. Nd1 g5 37. Ne3 Kd6 38. Ng4 Nxg4 39. Kxg4 gxf4 40.
Kxf4 Rg8 41. Be4 f5 42. Bd3 Rg4+ 43. Kf3 Ke5 44. e3 Rg8 45. Ke2 a5 46. Bc2 Rd8
47. Bd1 Kf6 48. Bc2 e5 49. Bd3 Kg5 50. h3 Kf6 51. Bc2 Ke6 52. Bd3 Rf8 53. Kf2
Rf7 54. Ke2 f4 55. exf4 exf4 56. g4 Ke5 57. Bf5 Rf8 58. Kf3 Rd8 59. Be4 Rd2 60.
h4 Rxa2 61. g5 hxg5 62. hxg5 Rb2 63. Bd5 Rxb3+ 64. Kg4 Rg3+ 65. Kh5 f3 66. Kh4
f2 67. Kxg3 f1=Q 68. Kg4 Qf5+ 69. Kh4 Kf4 0-1

[Event "Mechanics' Spring TNM; 30/90, SD/30"]
[Site "San Francisco"]
[Date "2010.04.13"]
[Round "5.13"]
[White "Shnaiderman, Lazar"]
[Black "Sherwood, Peter"]
[Result "1/2-1/2"]
[WhiteElo "1873"]
[BlackElo "1697"]
[PlyCount "79"]
[EventDate "2010.??.??"]

1. d4 d5 2. c4 dxc4 3. Nf3 Nf6 4. e3 e6 5. Bxc4 c5 6. O-O a6 7. Bb3 b5 8. a4 b4
9. Nbd2 Bb7 10. e4 Nxe4 11. Nxe4 Bxe4 12. Re1 Bd5 13. Bg5 Bxb3 14. Qxb3 Be7 15.
Bxe7 Qxe7 16. d5 O-O 17. dxe6 fxe6 18. Rxe6 Qf7 19. Qe3 Nd7 20. Re7 Qd5 21. Qe2
Rf7 22. Rxf7 Qxf7 23. Rd1 h6 24. Qd3 Nb6 25. a5 Nc4 26. Qc2 Rc8 27. Qd3 Qe6 28.
Re1 Nxb2 29. Qb1 Qf6 30. Ne5 Na4 31. Qa2+ Kh7 32. Qxa4 Qf5 33. g4 Qf4 34. Qc2+
Kg8 35. Qc4+ Qxc4 36. Nxc4 Rd8 37. Re5 Rd4 38. Rxc5 b3 39. Nb2 Rd2 40. Na4 {
draw offer} 1/2-1/2

[Event "Mechanics' Spring TNM; 30/90, SD/30"]
[Site "San Francisco"]
[Date "2010.04.20"]
[Round "6.22"]
[White "Standen, Julian"]
[Black "Allen, Tom"]
[Result "1/2-1/2"]
[WhiteElo "1714"]
[BlackElo "1547"]
[PlyCount "96"]
[EventDate "2010.??.??"]

1. d4 d5 2. Nf3 Nc6 3. Bf4 Bg4 4. e3 e6 5. h3 Bh5 6. c4 Bd6 7. Bxd6 cxd6 8.
cxd5 exd5 9. Be2 Nf6 10. Nc3 O-O 11. Qb3 Na5 12. Qb4 Rc8 13. O-O a6 14. Rac1 b5
15. a4 Nc6 16. Qb3 Na5 17. Qd1 b4 18. Na2 Qb6 19. Qd3 Nc4 20. b3 Bg6 21. Qd1
Na3 22. Qd2 a5 23. Rxc8 Rxc8 24. Rc1 Qb7 25. Rxc8+ Qxc8 26. Qc1 Qd7 27. Nd2 h6
28. Kf1 Bh7 29. Ke1 Nc2+ 30. Kf1 Qf5 31. Kg1 Qe6 32. Nf1 g5 33. Bd1 Qe4 34. f3
Qd3 35. Bxc2 Qxc2 36. Qxc2 Bxc2 37. Nc1 Nd7 38. Kf2 f5 39. g3 h5 40. h4 g4 41.
Nd2 Nf6 42. Ke2 gxf3+ 43. Kxf3 Kf7 44. Ne2 Bd3 45. Kf2 Ne4+ 46. Ke1 Bxe2 47.
Nxe4 dxe4 48. Kxe2 Kf6 1/2-1/2

[Event "Mechanics' Spring TNM; 30/90, SD/30"]
[Site "San Francisco"]
[Date "2010.03.23"]
[Round "2.20"]
[White "Standen, Julian"]
[Black "Barrow, Lyle"]
[Result "1-0"]
[WhiteElo "1714"]
[BlackElo "1467"]
[PlyCount "89"]
[EventDate "2010.??.??"]

1. d4 e6 2. Nf3 Nf6 3. Bg5 h6 4. Bh4 b6 5. e3 Bb7 6. Bd3 Be7 7. Nbd2 d6 8. O-O
Nbd7 9. e4 c5 10. c3 O-O 11. Re1 cxd4 12. cxd4 a6 13. Rc1 Rc8 14. Qe2 b5 15. e5
dxe5 16. dxe5 Rxc1 17. Rxc1 Nd5 18. Qe4 g6 19. Bxe7 Qxe7 20. Bb1 Qb4 21. Qxb4
Nxb4 22. Kf1 Rc8 23. Rxc8+ Bxc8 24. Ne4 Bb7 25. a3 Nc6 26. Nd6 Ba8 27. Be4 Nc5
28. Bc2 Ne7 29. Nd4 g5 30. g3 Kg7 31. f4 gxf4 32. gxf4 Nd7 33. Kf2 Bd5 34. Ne8+
Kf8 35. Nc7 Bb7 36. Ke3 Nd5+ 37. Nxd5 Bxd5 38. Nb3 Kg7 39. Kd4 f6 40. Nc5 Nb8
41. Be4 Bxe4 42. Kxe4 f5+ 43. Ke3 Kf7 44. b4 Ke7 45. Kf3 {score ends here} 1-0

[Event "Mechanics' Spring TNM; 30/90, SD/30"]
[Site "San Francisco"]
[Date "2010.04.06"]
[Round "4.17"]
[White "Standen, Julian"]
[Black "Rettenmaier, Robert"]
[Result "0-1"]
[WhiteElo "1714"]
[BlackElo "1637"]
[PlyCount "75"]
[EventDate "2010.??.??"]

1. d4 c5 2. c3 cxd4 3. cxd4 g6 4. Nf3 Bg7 5. Bf4 Nf6 6. e3 d6 7. Nc3 Nc6 8. Be2
O-O 9. O-O Qa5 10. a3 Bg4 11. h3 Bf5 12. b4 Qc7 13. Rc1 Qd7 14. Re1 Rfe8 15.
Bf1 e5 16. dxe5 dxe5 17. Bg5 Rad8 18. Qa4 e4 19. Nh4 Ne5 20. Nxf5 Qxa4 21. Nxa4
gxf5 22. Rc7 Rd7 23. Rec1 Nc6 24. Rxd7 Nxd7 25. Nc5 Nxc5 26. Rxc5 Re5 27. Rxe5
Bxe5 28. b5 Na5 29. Bd8 Nb3 30. Bc4 Nd2 31. Bd5 b6 32. Be7 Nb1 33. a4 Nc3 34.
Bb3 f4 35. exf4 Bxf4 36. Kf1 Kg7 37. g3 Be5 38. Bb4 {
The scoresheets end at this point in an equal position.} 0-1

[Event "Mechanics' Spring TNM; 30/90, SD/30"]
[Site "San Francisco"]
[Date "2010.05.04"]
[Round "8.15"]
[White "Standen, Julian"]
[Black "Salvo, Tab"]
[Result "1-0"]
[WhiteElo "1714"]
[BlackElo "1692"]
[PlyCount "87"]
[EventDate "2010.??.??"]

1. d4 d6 2. Nf3 Nf6 3. Bf4 c5 4. e3 cxd4 5. exd4 e6 6. Nbd2 a6 7. Bd3 Be7 8.
O-O O-O 9. c3 Nc6 10. h3 Re8 11. Re1 b5 12. Ne4 Bb7 13. a3 h6 14. Rc1 Nxe4 15.
Bxe4 d5 16. Bb1 Bd6 17. Bxd6 Qxd6 18. Qd3 f5 19. Ne5 Ne7 20. f4 Rf8 21. Qg3 Rf6
22. Re3 Raf8 23. Rce1 Bc8 24. Bc2 Qd8 25. Bd1 Qe8 26. Qh4 Kh7 27. Bh5 g6 28.
Bd1 Nc6 29. Nxc6 Qxc6 30. Qf2 Qc4 31. Re5 Qc6 32. Kh2 a5 33. g3 Qa6 34. Bc2 Kg7
35. g4 Kh7 36. gxf5 exf5 37. Rg1 R8f7 38. Qe3 Bb7 39. Re7 Rxe7 40. Qxe7+ Kg8
41. Qe8+ Kg7 42. Re1 Rf7 43. Re6 Qa8 44. Qxb5 {The scoresheets stop here in a
materially and positionaly winning position for White.} 1-0

[Event "Mechanics' Spring TNM; 30/90, SD/30"]
[Site "San Francisco"]
[Date "2010.04.20"]
[Round "6.10"]
[White "Thornally, Frank"]
[Black "Byambaa, Uyanga"]
[Result "1-0"]
[WhiteElo "2208"]
[BlackElo "1803"]
[PlyCount "55"]
[EventDate "2010.??.??"]

1. Nf3 Nf6 2. c4 c5 3. Nc3 Nc6 4. d4 cxd4 5. Nxd4 g6 6. e4 Bg7 7. Be3 O-O 8.
Be2 d6 9. O-O Bd7 10. Rc1 Rc8 11. f3 a6 12. Qd2 Nxd4 13. Bxd4 Bc6 14. Rfd1 Re8
15. b4 Bd7 16. Qe3 e6 17. e5 dxe5 18. Bxe5 b5 19. Qd4 Bc6 20. Qh4 Qe7 21. cxb5
axb5 22. Nxb5 Nd5 23. Qxe7 Rxe7 24. Bxg7 Kxg7 25. Nd6 Rcc7 26. b5 Ba8 27. Rxc7
Rxc7 28. Ne8+ 1-0

[Event "Mechanics' Spring TNM; 30/90, SD/30"]
[Site "San Francisco"]
[Date "2010.03.30"]
[Round "3.5"]
[White "Thornally, Frank"]
[Black "Gaffagan, Steven"]
[Result "1/2-1/2"]
[WhiteElo "2208"]
[BlackElo "2020"]
[PlyCount "21"]
[EventDate "2010.??.??"]

1. d4 Nf6 2. c4 g6 3. Nc3 Bg7 4. e4 d6 5. Be2 O-O 6. f4 Na6 7. Nf3 e5 8. fxe5
dxe5 9. Nxe5 c5 10. Be3 Re8 11. O-O 1/2-1/2